[Event "BAGIJ    I"]
[Site "SchemingMind.com"]
[Date "2018.10.28"]
[Round "-"]
[White "Phillip Beckett"]
[Black "JAHI"]
[Result "0-1"]
[WhiteCountry "ENG"]
[BlackCountry "INT"]
[WhiteElo "1514"]
[WhiteRD "53"]
[BlackElo "2122"]
[BlackRD "74"]
[GameID "434041"]

1. d4 d6 2. c4 c6 3. Nc3 c5 4. dxc5 dxc5 5. Qxd8+ Kxd8 6. Be3 Na6 7. g3 Nh6 8. Bg2 Nf5 9. O-O-O+ Ke8 10. Nf3 Nxe3
11. fxe3 g6 12. Nd5 Bh6 13. Rd3 f6 14. Rhd1 Kf7 15. h3 Rb8 16. Nf4 Nb4 17. Ra3 a6 18. Nd3 Be6 19. Nxb4 cxb4 20. Rb3 Bxc4
21. Rxb4 Bxe3+ 22. Kb1 Bxe2 23. Re1 Bxf3 24. Bxf3 Bd2 25. Rxb7 Rxb7 26. Rd1 Rd7 27. Kc2 Rc8+ 28. Kb1 Rdc7
0-1

[Event "BAGIJ    I"]
[Site "SchemingMind.com"]
[Date "2018.11.08"]
[Round "-"]
[White "Carl Lenox"]
[Black "JAHI"]
[Result "0-1"]
[WhiteCountry "CAN"]
[BlackCountry "INT"]
[WhiteElo "1318"]
[WhiteRD "83"]
[BlackElo "2122"]
[BlackRD "74"]
[GameID "434456"]

1. e4 d6 2. d4 d5 3. Nc3 dxe4 4. Nxe4 Bf5 5. Bd3 Bxe4 6. Bxe4 c6 7. a3 e6 8. Nf3 Nf6 9. Bd3 c5 10. Be3 cxd4
11. Bg5 Nc6 12. O-O Qb6 13. b3 Be7 14. Re1 a6 15. a4 h6 16. Bh4 Bb4 17. Re2 Nd5 18. Bg3 Nc3 19. Qd2 Rd8 20. Ree1 Nxa4
21. Qe2 Bxe1 22. Qxe1 Nc5 23. Bc4 Nb4 24. Qe2 Nc6 25. Rd1 d3 26. cxd3 Qb4 27. Nd2 Nd4 28. Qf3 Nxf3+
0-1

[Event "BAGIJ    I"]
[Site "SchemingMind.com"]
[Date "2018.11.18"]
[Round "-"]
[White "Chessibelle"]
[Black "Carl Lenox"]
[Result "0-1"]
[WhiteCountry "ENG"]
[BlackCountry "CAN"]
[WhiteElo "1191"]
[WhiteRD "61"]
[BlackElo "1318"]
[BlackRD "83"]
[GameID "434785"]

1. e4 c5 2. c3 e6 3. d3 a6 4. Bd2 b5 5. Nf3 g6 6. g3 Bb7 7. Be2 Bg7 8. a3 Nf6 9. O-O O-O 10. c4 d5
11. Ne5 dxc4 12. dxc4 Qd4 13. Nd3 Qxe4 14. f3 Qd4+ 15. Kh1 bxc4 16. Bc3 Qd6 17. Qd2 cxd3 18. Bd1 Nbd7 19. Rf2 c4 20. b3 Nb6
21. Kg1 Nbd5 22. Bb2 Nh5 23. g4 Nhf4 24. Qe1 Bxb2 25. Rxb2 Nh3+ 26. Kh1 Ndf4 27. Qc3 Qc5 28. Qe1 Nd5 29. Nd2 c3 30. Ne4 Qd4
31. Rg2 Ndf4 32. Rg3 Rfe8 33. Rc1 Rac8 34. b4 f5 35. Ba4 Re7 36. Nxc3 Nf2+ 37. Kg1 Nxg4+ 38. Kh1 d2 39. Qd1 Qf2 40. Qg1 dxc1=Q
41. Qxc1 Qxh2#
0-1

[Event "BAGIJ    I"]
[Site "SchemingMind.com"]
[Date "2018.11.18"]
[Round "-"]
[White "Chessibelle"]
[Black "Phillip Beckett"]
[Result "0-1"]
[WhiteCountry "ENG"]
[BlackCountry "ENG"]
[WhiteElo "1255"]
[WhiteRD "63"]
[BlackElo "1536"]
[BlackRD "53"]
[GameID "434786"]

1. e4 e5 2. f3 Nf6 3. Nc3 Bc5 4. h3 Nh5 5. Nge2 Qh4+ 6. g3 Nxg3 7. d4 Nxe4+ 8. Ng3 Qxg3+ 9. Ke2 Qf2+ 10. Kd3 Qxd4+
11. Ke2 Nxc3+ 12. Ke1 Qf2#
0-1

[Event "BAGIJ    I"]
[Site "SchemingMind.com"]
[Date "2018.11.18"]
[Round "-"]
[White "Chessibelle"]
[Black "JAHI"]
[Result "0-1"]
[WhiteCountry "ENG"]
[BlackCountry "INT"]
[WhiteElo "1147"]
[WhiteRD "57"]
[BlackElo "2113"]
[BlackRD "78"]
[GameID "434787"]

1. e4 d6 2. Be2 d5 3. f3 dxe4 4. fxe4 Nc6 5. Nc3 Nf6 6. d3 h6 7. Nf3 Bg4 8. Be3 Bxf3 9. Bxf3 e6 10. O-O Qe7
11. g3 h5 12. a3 h4 13. Kf2 hxg3+ 14. Kxg3 Qd6+ 15. Bf4 e5 16. Bg5 Nd4 17. Be2 Qb6 18. b4 Qc6 19. Bd2 Be7 20. Rg1 Qe6
21. Kg2 Qh3+ 22. Kf2 Nxe4+ 23. Nxe4 Bh4+ 24. Ng3 Qxh2+ 25. Kf1 Bxg3 26. Be3 Nf5 27. Bc5 Qh3+ 28. Rg2 Nh4 29. Bf3 Rh6 30. Ke2 Nxf3
31. Qf1 Nh2 32. Qf3 Nxf3 33. Kxf3 Be1+ 34. Ke4 Rh4+ 35. Kd5 Qe6#
0-1

[Event "BAGIJ    I"]
[Site "SchemingMind.com"]
[Date "2018.11.26"]
[Round "-"]
[White "Carl Lenox"]
[Black "Transcendent"]
[Result "0-1"]
[WhiteCountry "CAN"]
[BlackCountry "ENG"]
[WhiteElo "1280"]
[WhiteRD "83"]
[BlackElo "1482"]
[BlackRD "82"]
[GameID "435080"]

1. e4 e6 2. d4 d5 3. Nc3 Bb4 4. Bd2 Nf6 5. a3 Bxc3 6. Bxc3 Nxe4 7. Bb4 Nc6 8. Nf3 Nxb4 9. c3 Nc6 10. b4 Nxc3
11. Qd2 Ne4 12. Qe2 Qf6 13. g3 Nxd4
0-1

[Event "BAGIJ    I"]
[Site "SchemingMind.com"]
[Date "2018.11.25"]
[Round "-"]
[White "Phillip Beckett"]
[Black "Transcendent"]
[Result "0-1"]
[WhiteCountry "ENG"]
[BlackCountry "ENG"]
[WhiteElo "1514"]
[WhiteRD "53"]
[BlackElo "1526"]
[BlackRD "82"]
[GameID "435081"]

1. d4 d5 2. c4 c6 3. cxd5 cxd5 4. Nc3 Nf6 5. Bg5 e6 6. Nf3 Nc6 7. e3 a6 8. a3 Be7 9. Bd3 O-O 10. O-O Bd7
11. Qe2 Rc8 12. Rac1 Na5 13. b4 Nc4 14. Nb1 b5 15. Nfd2 h6 16. Bh4 Ne8 17. Bxe7 Qxe7 18. e4 Qg5 19. f4 Qd8 20. exd5 exd5
21. a4 Ned6 22. axb5 axb5 23. f5 Nxd2 24. Qxd2 Nc4 25. Qf2 Qf6 26. Nd2 Nxd2 27. Qxd2 Qxd4+ 28. Kh1 Rxc1 29. Rxc1 Bxf5 30. Rd1 Bxd3
31. Qxd3 Qxd3 32. Rxd3 Rc8 33. Rxd5 Rc1+
0-1

[Event "BAGIJ    I"]
[Site "SchemingMind.com"]
[Date "2018.11.26"]
[Round "-"]
[White "JAHI"]
[Black "Transcendent"]
[Result "1-0"]
[WhiteCountry "INT"]
[BlackCountry "ENG"]
[WhiteElo "2166"]
[WhiteRD "78"]
[BlackElo "1257"]
[BlackRD "64"]
[GameID "435083"]

1. c3 d5 2. c4 d4 3. e3 c5 4. exd4 cxd4 5. d3 Nc6 6. a3 e5 7. Be2 f5 8. Nd2 Nf6 9. Qc2 Be7 10. Ngf3 O-O
11. b3 Be6 12. b4 Ng4 13. h3 Nf6 14. b5 Nb8 15. Nxe5
1-0

[Event "BAGIJ    I"]
[Site "SchemingMind.com"]
[Date "2018.11.28"]
[Round "-"]
[White "Phillip Beckett"]
[Black "Timaeus"]
[Result "1-0"]
[WhiteCountry "ENG"]
[BlackCountry "JPN"]
[WhiteElo "1518"]
[WhiteRD "49"]
[BlackElo "1390"]
[BlackRD "84"]
[GameID "435178"]

1. d4 d5 2. c4 e6 3. Nc3 Nf6 4. Nf3 dxc4 5. e4 Bb4 6. Qa4+ Nc6 7. Bxc4 O-O 8. Be3 Nxe4 9. Bd2 Bxc3 10. bxc3 a6
11. Bd3 b5 12. Qc2 Nxd2 13. Nxd2 Bb7 14. Bxh7+ Kh8 15. Be4 g6 16. h4 Kg7 17. h5 Rh8 18. O-O-O f5 19. Bd3 Qg5 20. hxg6 Ne7
21. Rh7+ Rxh7 22. gxh7 Bxg2 23. Rg1 Ng6 24. Bf1 Nh4 25. Bxg2 Nxg2 26. Kb2 Kxh7 27. Nf3 Qg4 28. Ne5 Qh3 29. Qb1 Kg7 30. Qf1 Qh6
31. Qxg2+ Kh7 32. Rh1 Qxh1 33. Qxh1+ Kg7 34. Qg2+ Kf6 35. Qg6+ Ke7 36. Qg7+
1-0

[Event "BAGIJ    I"]
[Site "SchemingMind.com"]
[Date "2018.11.29"]
[Round "-"]
[White "Timaeus"]
[Black "Transcendent"]
[Result "1-0"]
[WhiteCountry "JPN"]
[BlackCountry "ENG"]
[WhiteElo "1409"]
[WhiteRD "82"]
[BlackElo "1257"]
[BlackRD "64"]
[GameID "435179"]

1. d4 d5 2. Bf4 Nf6 3. e3 c5 4. b3 Nc6 5. c4 cxd4 6. exd4 e6 7. Nd2 Bb4 8. Qe2 Nxd4 9. Qd3 Nc6 10. Nf3 Ne4
11. a3 Bc3 12. Rc1 Bxd2+ 13. Nxd2
1-0

[Event "BAGIJ    I"]
[Site "SchemingMind.com"]
[Date "2018.11.28"]
[Round "-"]
[White "Timaeus"]
[Black "Chessibelle"]
[Result "1-0"]
[WhiteCountry "JPN"]
[BlackCountry "ENG"]
[WhiteElo "1390"]
[WhiteRD "84"]
[BlackElo "1147"]
[BlackRD "57"]
[GameID "435180"]

1. d4 d5 2. Bf4 e6 3. e3 Nc6 4. Bd3 Nf6 5. Nf3 Be7 6. Nbd2 O-O 7. O-O Ng4 8. h3 Nh6 9. Bxh6 Bf6 10. Bf4 h6
11. c3 g5 12. Be5 Be7 13. Qc2 f6 14. Bh7+ Kh8 15. Bg3 Rf7 16. Bg6 Rg7 17. h4 f5 18. Bh5 Qf8 19. hxg5 hxg5 20. Bxc7 Qg8
21. Ne5 Nxe5 22. Bxe5 Qh7 23. Bxg7+ Kxg7 24. Be2 Bd7 25. c4 Rh8 26. f3 Bd6 27. f4 Qh1+ 28. Kf2 Qh4+ 29. g3 Qh2+ 30. Ke1 Qxg3+
31. Kd1 Qxe3 32. fxg5 Kg8 33. Nf3 Qf4 34. Rg1 e5 35. dxe5 Bc5 36. Rf1 a6 37. Qd2 Qe4 38. Rc1 Bc6 39. cxd5 Bxd5 40. Rxc5 Qb1+
41. Qc1 Qxa2 42. Rc8+ Kg7 43. Rxh8 Bb3+ 44. Ke1 Qa5+ 45. Nd2 Qxe5 46. Nxb3 Kxh8 47. Qc8+ Kg7 48. Qc3
1-0

[Event "BAGIJ    I"]
[Site "SchemingMind.com"]
[Date "2018.11.28"]
[Round "-"]
[White "JAHI"]
[Black "Timaeus"]
[Result "1-0"]
[WhiteCountry "INT"]
[BlackCountry "JPN"]
[WhiteElo "2157"]
[WhiteRD "82"]
[BlackElo "1436"]
[BlackRD "86"]
[GameID "435181"]

1. c3 d5 2. c4 e6 3. cxd5 exd5 4. e3 Nf6 5. Nc3 Be6 6. Nf3 Bb4 7. Qa4+ Nc6 8. Nd4 Bxc3 9. Nxc6 bxc6 10. Qxc6+ Bd7
11. Qxc3 O-O 12. f3 Qe7 13. b3 c6 14. Bd3 Qe6 15. Ba3 Rfe8 16. Rc1 Rec8 17. Bc5 Rcb8 18. Qd4 a5 19. Qf4 Bc8 20. Kf2 Nd7
21. Bd6 Rb6 22. Bf5 Qe8 23. Rhe1 g6 24. e4 dxe4 25. Rxe4 Qd8 26. Bc7 Qf8 27. Bxd7 Rb4 28. Bxc6 Ra6 29. Qf6 Bb7 30. Be5
1-0

[Event "BAGIJ    I"]
[Site "SchemingMind.com"]
[Date "2018.12.07"]
[Round "-"]
[White "kenneth m day"]
[Black "Timaeus"]
[Result "1-0"]
[WhiteCountry "USA"]
[BlackCountry "JPN"]
[WhiteElo "1732"]
[WhiteRD "59"]
[BlackElo "1390"]
[BlackRD "84"]
[GameID "435608"]

1. e4 e5 2. f4 exf4 3. Nf3 d5 4. exd5 Qxd5 5. d4 Nc6 6. c4 Qd8 7. Bxf4 Bb4+ 8. Nc3 Nf6 9. Qe2+ Ne7 10. Bd2 O-O
11. Qe3 Ng4 12. Qd3 Bf5 13. Ne4 Bxd2+ 14. Nfxd2 c6 15. Be2 Qd7 16. h3 Ne5 17. dxe5 Qxd3 18. Bxd3 Bxe4 19. Bxe4 Rad8 20. O-O-O Ng6
21. Nf3 Rfe8 22. Rxd8 Rxd8 23. Bxg6 hxg6 24. Rd1 Re8 25. Rd7 Rb8 26. Ng5 Kf8 27. Rxf7+ Kg8 28. Rd7 Kf8 29. Ne6+ Ke8 30. Rxg7 a6
31. Rg8+ Kd7 32. Rxb8 Kxe6 33. Rxb7 Kxe5 34. Rb6 c5 35. Rxg6 Kf5 36. Rxa6 Ke4 37. Rf6
1-0

[Event "BAGIJ    I"]
[Site "SchemingMind.com"]
[Date "2018.12.06"]
[Round "-"]
[White "kenneth m day"]
[Black "Carl Lenox"]
[Result "1-0"]
[WhiteCountry "USA"]
[BlackCountry "CAN"]
[WhiteElo "1732"]
[WhiteRD "59"]
[BlackElo "1280"]
[BlackRD "83"]
[GameID "435609"]

1. e4 Nc6 2. d4 e5 3. Nf3 exd4 4. c3 dxc3 5. Nxc3 Bc5 6. Bc4 f6 7. O-O d6 8. Re1 Qd7 9. Nd5 b6 10. Bf4 h6
11. Nh4 g5 12. Qh5+ Kd8 13. Ng6 Qe8 14. Bg3 Ne5 15. Ngf4 Nxc4 16. Qxe8+ Kxe8 17. Nxc7+ Kd7 18. Ng6 Ne7 19. Nxh8 Kxc7 20. Nf7 Nxb2
21. Nxh6 Nd3 22. Red1 Ne5 23. Rac1 Bb7 24. Nf5 Nxf5 25. exf5 Rd8 26. h4 g4 27. a4 Nf7 28. Re1 Nh6 29. Kh2 Nxf5 30. a5 b5
31. Red1 Nxg3 32. Kxg3 f5 33. Kf4 Be4 34. g3 Kd7 35. Rxc5 b4 36. Rc4 d5 37. Rxb4 Ke6 38. Rb7 Ra8 39. Rc1 Kd6 40. Rcc7 d4
41. Rd7+ Kc6 42. Rxa7 Rb8 43. Rxd4 Re8 44. Rb4 Kc5 45. Rb2 Kd4 46. a6 Bd3 47. Ra2 Re4+ 48. Kg5 Re5 49. Rd7+ Ke4 50. Ra4+
1-0

[Event "BAGIJ    I"]
[Site "SchemingMind.com"]
[Date "2018.12.05"]
[Round "-"]
[White "kenneth m day"]
[Black "Phillip Beckett"]
[Result "1-0"]
[WhiteCountry "USA"]
[BlackCountry "ENG"]
[WhiteElo "1735"]
[WhiteRD "57"]
[BlackElo "1514"]
[BlackRD "53"]
[GameID "435610"]

1. e4 e5 2. f4 Qh4+ 3. g3 Qe7 4. d3 exf4 5. Bxf4 d5 6. Nc3 dxe4 7. dxe4 Be6 8. Qe2 Nc6 9. O-O-O Rd8 10. Bg2 Rxd1+
11. Qxd1 Qd7 12. Nge2 Qxd1+ 13. Rxd1 Bb4 14. Bxc7 Nge7 15. Bf4 O-O 16. a3 Ba5 17. Nb5 a6 18. Nd6 b5 19. Nb7 Bb6 20. Nd6 Ng6
21. Bd2 Nce5 22. Bc3 Rd8 23. Nf5 Rxd1+ 24. Kxd1 f6 25. Nd6 Bc7 26. Ne8 Bb8 27. Bb4 Kf7 28. Nd6+ Bxd6 29. Bxd6 Nc4 30. Bc5 Nxb2+
31. Kc1 Na4 32. Bd4 Ne5 33. Nf4 Nc6 34. Be3 Ne5 35. Bf1 Nc3 36. Bg2 Nc4 37. Bd4 Na4 38. Bf3 Nxa3 39. Nd3 Nc4 40. Nb4 a5
41. Nc6 Nd6 42. Nxa5 b4 43. Nc6 b3 44. Nd8+ Ke7 45. Nxe6 Kxe6 46. cxb3 Nb5 47. Bxf6 Kxf6 48. bxa4 Nc7 49. Kc2 Ke5 50. Kc3 g6
51. Kc4 Na6 52. Kb5 Nc7+ 53. Kb6
1-0

[Event "BAGIJ    I"]
[Site "SchemingMind.com"]
[Date "2018.12.06"]
[Round "-"]
[White "Transcendent"]
[Black "kenneth m day"]
[Result "0-1"]
[WhiteCountry "ENG"]
[BlackCountry "USA"]
[WhiteElo "1257"]
[WhiteRD "64"]
[BlackElo "1700"]
[BlackRD "56"]
[GameID "435611"]

1. d4 Nf6 2. c4 e6 3. g3 d5 4. Nf3 Be7 5. Bg2 O-O 6. O-O dxc4 7. Qc2 Nc6 8. Qxc4 Bd7 9. Nc3 a6 10. Ne5 Rb8
11. Nxc6 Bxc6 12. Bxc6 bxc6 13. Qxc6 Rb6 14. Qc4 Nd5 15. Nxd5 exd5
0-1

[Event "BAGIJ    I"]
[Site "SchemingMind.com"]
[Date "2018.12.06"]
[Round "-"]
[White "Chessibelle"]
[Black "kenneth m day"]
[Result "0-1"]
[WhiteCountry "ENG"]
[BlackCountry "USA"]
[WhiteElo "1191"]
[WhiteRD "61"]
[BlackElo "1735"]
[BlackRD "57"]
[GameID "435612"]

1. e4 e5 2. d3 Bc5 3. Nf3 Nc6 4. g3 Nf6 5. h3 O-O 6. Be2 d5 7. Nc3 dxe4 8. Nxe4 Re8 9. O-O Bxh3 10. Re1 Bb6
11. c4 h6 12. Kh2 Bg4 13. Kg2 Qe7 14. b3 Rad8 15. Qc2 Qe6 16. Bb2 Nd4 17. Qc3 Qf5 18. Nh4 Bh3+ 19. Kh2 Qe6 20. Bf1 Bg4
21. a3 g5 22. Ng2 Nf3+ 23. Kh1 Nxe1 24. Qxe1 Bf3 25. Kg1 Qh3 26. Nd2 Qxg3 27. Nxf3 Qxf3 28. Be2 Qh3 29. Qd2 Qg3 30. Kf1 Qxf2#
0-1

[Event "BAGIJ    I"]
[Site "SchemingMind.com"]
[Date "2018.12.06"]
[Round "-"]
[White "kenneth m day"]
[Black "JAHI"]
[Result "0-1"]
[WhiteCountry "USA"]
[BlackCountry "INT"]
[WhiteElo "1732"]
[WhiteRD "54"]
[BlackElo "2112"]
[BlackRD "80"]
[GameID "435613"]

1. e4 d6 2. d4 d5 3. Nc3 dxe4 4. Nxe4 Bf5 5. Ng3 c6 6. Nxf5 Qa5+ 7. Bd2 Qxf5 8. Bd3 Qe6+ 9. Ne2 g6 10. O-O Qd7
11. c4 Bh6 12. Bc3 Nf6 13. Re1 Na6 14. Ng3 Bg7 15. Rc1 Nc7 16. Qe2 Ne6 17. Rcd1 Rd8 18. Bc2 Kf8 19. d5 cxd5 20. cxd5 Nxd5
21. Bxg7+ Kxg7 22. Qe5+ Kg8 23. Bb3 Nef4 24. h3 a6 25. Re4 Qd6 26. Qd4 h6 27. Ree1 Kh7 28. Ne4 Qc7 29. Qc4 Qxc4 30. Bxc4 Kg7
31. Kh2 Nb4 32. Nc3 e6 33. g3 Nfd3 34. Re2 Rd4 35. a3 Rxc4 36. axb4 Rd4 37. Red2 Rhd8 38. Ne2 R4d5 39. Nc3 Nxf2 40. Rxd5 Rxd5
41. Rxd5 exd5 42. Nxd5 Nd3 43. b3 f6 44. Kg2 Kf7 45. Kf3 Ke6 46. Ke4 Nf2+ 47. Kd4 Nxh3 48. Ne3 h5 49. Ke4 f5+ 50. Kf3 Ng5+
51. Ke2 Ke5 52. Kd3 Ne4 53. Nc4+ Ke6 54. Kd4 Nxg3
0-1

[Event "BAGIJ    I"]
[Site "SchemingMind.com"]
[Date "2018.12.09"]
[Round "-"]
[White "Allan Sedstrem"]
[Black "Phillip Beckett"]
[Result "0-1"]
[WhiteCountry "SCO"]
[BlackCountry "ENG"]
[WhiteElo "1562"]
[WhiteRD "70"]
[BlackElo "1518"]
[BlackRD "49"]
[GameID "435738"]

1. e4 e5 2. Nf3 Nc6 3. Bc4 Nf6 4. O-O Be7 5. a3 d6 6. h3 O-O 7. d3 h6 8. Be3 Nh7 9. Nbd2 Ng5 10. Bxg5 Bxg5
11. Nxg5 Qxg5 12. Nf3 Qg6 13. Kh2 Kh8 14. Nh4 Qg5 15. g3 f5 16. Qf3 f4 17. Kh1 Bxh3 18. Ng2 fxg3 19. Qxg3 Qxg3 20. fxg3 Bxg2+
21. Kg1 Rxf1+ 22. Rxf1 Bxf1 23. Kxf1 Rf8+ 24. Kg2 Nd4 25. c3 Nf3 26. b4 Ng5 27. a4 Rf6 28. Bd5 c6 29. Bb3 Nf7 30. c4 h5
31. b5 c5 32. a5 Rg6 33. Kh3 Ng5+ 34. Kh4 Ne6 35. Bd1 Rf6 36. Bxh5 Rh6 37. g4 g6 38. a6 gxh5 39. gxh5 Nf4
0-1

[Event "BAGIJ    I"]
[Site "SchemingMind.com"]
[Date "2018.12.12"]
[Round "-"]
[White "Timaeus"]
[Black "Allan Sedstrem"]
[Result "1-0"]
[WhiteCountry "JPN"]
[BlackCountry "SCO"]
[WhiteElo "1436"]
[WhiteRD "86"]
[BlackElo "1596"]
[BlackRD "62"]
[GameID "435739"]

1. e4 e5 2. Nf3 d6 3. Bc4 h6 4. O-O Nf6 5. Nc3 Nc6 6. d3 Be7 7. Be3 O-O 8. h3 a6 9. a3 Bd7 10. b4 Qc8
11. d4 Rd8 12. dxe5 dxe5 13. Nd5 Be6 14. Nxe5 Nxd5 15. exd5 Nxe5 16. Bb3 Bxh3 17. Qh5 Qg4 18. Qxh3 Qg6 19. f3 a5 20. Rad1 axb4
21. axb4 Bxb4 22. Qh4 c6 23. Qxb4 b5 24. d6 Rd7 25. Bf4 Qf5 26. Rfe1 Re8 27. Bxe5 Rxe5 28. Bxf7+ Kh7 29. Rxe5 Qxe5 30. Qe4+ Qxe4
31. fxe4 Rxf7 32. d7 Rxd7 33. Rxd7 h5 34. Rc7 Kh6 35. e5 Kg6 36. Rxc6+ Kf7 37. Rb6 g5 38. Rxb5 Ke6 39. Kf2 g4 40. Kg3 Kf5
41. e6+ Kxe6 42. Rxh5
1-0

[Event "BAGIJ    I"]
[Site "SchemingMind.com"]
[Date "2018.12.10"]
[Round "-"]
[White "Transcendent"]
[Black "Allan Sedstrem"]
[Result "0-1"]
[WhiteCountry "ENG"]
[BlackCountry "SCO"]
[WhiteElo "1257"]
[WhiteRD "64"]
[BlackElo "1600"]
[BlackRD "65"]
[GameID "435740"]

1. d4 d5 2. c4 c6 3. Nf3 Nf6 4. e3 Ne4 5. Qc2 Bf5 6. Nh4 Bd7 7. Nd2 e5 8. Nhf3 Bf5 9. Qb3 Qc7 10. Nxe5 Nd7
11. cxd5 Nxe5
0-1

[Event "BAGIJ    I"]
[Site "SchemingMind.com"]
[Date "2018.12.09"]
[Round "-"]
[White "Allan Sedstrem"]
[Black "kenneth m day"]
[Result "0-1"]
[WhiteCountry "SCO"]
[BlackCountry "USA"]
[WhiteElo "1562"]
[WhiteRD "70"]
[BlackElo "1732"]
[BlackRD "59"]
[GameID "435741"]

1. e4 e5 2. Bc4 Nf6 3. d3 Nc6 4. Nf3 Bc5 5. O-O O-O 6. a3 a6 7. Nc3 d6 8. Re1 Ng4 9. Be3 Nxe3 10. fxe3 Bg4
11. Nd5 Ne7 12. b4 Ba7 13. h3 Be6 14. Ng5 Nxd5 15. Nxe6 fxe6 16. exd5 exd5 17. Bxd5+ Kh8 18. Bxb7 Rb8 19. Bxa6 Qg5 20. Qd2 Rf7
21. Bc4 Rf6 22. Rf1 Bxe3+ 23. Qxe3 Qxe3+ 24. Kh1 Rbf8 25. Rxf6 Rxf6 26. a4 Rf2 27. Rg1 Rxc2 28. b5 Qa7 29. Bb3 Rc3 30. Rf1 h5
31. Bc4 Qxa4 32. Rf7 Rc2 33. Rxc7 Qa2 34. Rc8+ Kh7 35. Bxa2 Rxc8 36. Bd5 Rb8 37. Bc4 Kg6 38. g3 Kf6 39. Kg2 g5 40. Kf3 Ke7
41. Ke4 Rf8 42. d4 exd4 43. Kxd4 Rf3 44. b6 Kd8 45. Ba6 Rxg3 46. b7 Kc7
0-1

[Event "BAGIJ    I"]
[Site "SchemingMind.com"]
[Date "2018.12.09"]
[Round "-"]
[White "Allan Sedstrem"]
[Black "Chessibelle"]
[Result "1-0"]
[WhiteCountry "SCO"]
[BlackCountry "ENG"]
[WhiteElo "1580"]
[WhiteRD "74"]
[BlackElo "1191"]
[BlackRD "61"]
[GameID "435742"]

1. e4 e5 2. Bc4 Nf6 3. d3 d6 4. Nc3 g6 5. Bg5 Be7 6. Nge2 O-O 7. Bh6 Re8 8. Qd2 c5 9. O-O Nbd7 10. Kh1 Ng4
11. Nd5 Bf8 12. Bxf8 Nxf8 13. f3 Nf6 14. Nxf6+ Qxf6 15. f4 Bg4 16. fxe5 Qh4 17. exd6 Nd7 18. Bxf7+ Kg7 19. Bxe8 Rxe8 20. Rf2 Qxf2
21. Re1 Nf6 22. Qd1 h5 23. Rf1 Qh4 24. e5 Rxe5 25. Qd2 Rxe2 26. Qc3 Re6 27. d7 Rd6 28. d8=Q Rxd8 29. Qxc5 b6 30. Qe7+
1-0

[Event "BAGIJ    I"]
[Site "SchemingMind.com"]
[Date "2018.12.09"]
[Round "-"]
[White "JAHI"]
[Black "Allan Sedstrem"]
[Result "1-0"]
[WhiteCountry "INT"]
[BlackCountry "SCO"]
[WhiteElo "2133"]
[WhiteRD "80"]
[BlackElo "1588"]
[BlackRD "65"]
[GameID "435743"]

1. c3 d5 2. c4 dxc4 3. Qa4+ c6 4. Qxc4 e5 5. Nf3 Be6 6. Qc2 Nf6 7. Nxe5 Bd6 8. Nc4 Bc7 9. d3 O-O 10. g3 Bd5
11. f3 Re8 12. Ncd2 Ba5 13. Nc3 Bxc3 14. bxc3 Nbd7 15. d4 Nb6 16. Qd3 Qc7 17. Bg2 Bc4 18. Nxc4 Rad8 19. Nxb6 Qxb6 20. Rb1 Qc7
21. Bg5 Re6 22. Bf4 Qa5 23. Rxb7 Qxa2 24. Bh3 Ree8 25. Kf2 c5 26. Rhb1 cxd4 27. cxd4 Nd5 28. Bg5 Nc3 29. R1b2 Qa1 30. Qxc3 Rd5
31. Qc7 Rf8 32. Qxf7+ Rxf7 33. Rb8+ Rf8 34. Be6+
1-0

[Event "BAGIJ    I"]
[Site "SchemingMind.com"]
[Date "2018.12.09"]
[Round "-"]
[White "Carl Lenox"]
[Black "Allan Sedstrem"]
[Result "0-1"]
[WhiteCountry "CAN"]
[BlackCountry "SCO"]
[WhiteElo "1280"]
[WhiteRD "83"]
[BlackElo "1562"]
[BlackRD "70"]
[GameID "435744"]

1. e4 e5 2. Nf3 d6 3. Bc4 h6 4. d4 Bg4 5. O-O Nf6 6. Bd3 exd4 7. Be2 c5 8. Re1 Nxe4 9. b3 Be7 10. Bb2 O-O
11. Nbd2 Nxd2 12. Qxd2 Nd7 13. c4 Bf6 14. Rad1 Ne5 15. Nxe5 Bxe2 16. Rxe2 Bxe5 17. f4 Bf6 18. g3 Re8 19. Rde1 Rxe2 20. Rxe2 Qd7
21. Kg2 Re8 22. Qe1 Rd8 23. a3 d3 24. Rd2 Qc6+ 25. Kf2 Re8 26. Qb1 Bd4+ 27. Bxd4 cxd4 28. Rxd3 Qe4 29. Kg1 Qe2 30. Rd1 Re4
31. Re1 Qxe1+ 32. Qxe1 Rxe1+
0-1

[Event "BAGIJ    I"]
[Site "SchemingMind.com"]
[Date "2018.12.16"]
[Round "-"]
[White "Carl Lenox"]
[Black "krzysztof"]
[Result "0-1"]
[WhiteCountry "CAN"]
[BlackCountry "POL"]
[WhiteElo "1280"]
[WhiteRD "83"]
[BlackElo "1528"]
[BlackRD "71"]
[GameID "436062"]

1. e4 b6 2. d3 Bb7 3. a3 d5 4. b4 e6 5. Bb2 a5 6. bxa5 Rxa5 7. Nd2 Bb4 8. Bxg7 Qg5 9. Bxh8 Bd6 10. Ngf3 Qf4
11. g3 Qh6 12. Bg2 f6 13. Nd4 Be5 14. c3 Ke7 15. Bh3 Qxh3 16. N2f3 Bxd4 17. cxd4 Nd7 18. e5 h6 19. Nh4 fxe5 20. Ng6+ Kd8
21. dxe5 Qg2 22. Ke2 d4 23. h4 Bf3+
0-1

[Event "BAGIJ    I"]
[Site "SchemingMind.com"]
[Date "2018.12.15"]
[Round "-"]
[White "Phillip Beckett"]
[Black "krzysztof"]
[Result "0-1"]
[WhiteCountry "ENG"]
[BlackCountry "POL"]
[WhiteElo "1514"]
[WhiteRD "53"]
[BlackElo "1529"]
[BlackRD "72"]
[GameID "436063"]

1. d4 e6 2. e4 c6 3. Nc3 Bb4 4. Qd3 b5 5. a3 Ba5 6. b4 Bb6 7. Nf3 d5 8. exd5 exd5 9. Be2 Qf6 10. Qe3+ Be6
11. O-O Ne7 12. Ne5 Nd7 13. Nxd7 Bxd7 14. Bb2 Bc7 15. Bf3 O-O 16. Ne2 Nf5 17. Qd2 Nh4 18. Ng3 Nxf3+ 19. gxf3 Bh3 20. Rfe1 Qxf3
0-1

[Event "BAGIJ    I"]
[Site "SchemingMind.com"]
[Date "2018.12.18"]
[Round "-"]
[White "krzysztof"]
[Black "Timaeus"]
[Result "1-0"]
[WhiteCountry "POL"]
[BlackCountry "JPN"]
[WhiteElo "1521"]
[WhiteRD "67"]
[BlackElo "1409"]
[BlackRD "82"]
[GameID "436064"]

1. c4 e5 2. d4 exd4 3. Qxd4 Nc6 4. Qe3+ Be7 5. g3 d6 6. Bg2 Nf6 7. h3 O-O 8. Nf3 Be6 9. Nbd2 d5 10. c5 b6
11. cxb6 cxb6 12. Nb3 Bb4+ 13. Bd2 Ne4 14. Bxb4 Nxb4 15. Nfd4 Rc8 16. Bxe4 dxe4 17. O-O f5 18. Nxe6 Nc2 19. Nxd8 Nxe3 20. fxe3 Rcxd8
21. Nd4 Rd5 22. Rad1 g6 23. Ne6 Rxd1 24. Rxd1 Re8 25. Nc7 Re7 26. Nb5 a6 27. Nd4 Rd7 28. Rc1 Kf7 29. Rc6 Rb7 30. g4 fxg4
31. hxg4 a5 32. a4 Kg7 33. Re6 Kh6 34. Rxe4 Kg5 35. Kg2 Kh4 36. Nf3#
1-0

[Event "BAGIJ    I"]
[Site "SchemingMind.com"]
[Date "2018.12.16"]
[Round "-"]
[White "krzysztof"]
[Black "Transcendent"]
[Result "1-0"]
[WhiteCountry "POL"]
[BlackCountry "ENG"]
[WhiteElo "1521"]
[WhiteRD "67"]
[BlackElo "1257"]
[BlackRD "64"]
[GameID "436065"]

1. Na3 d5 2. c3 c6 3. d4 Bf5 4. Bf4 Nf6 5. e3 e6 6. Be5 Nbd7 7. Nf3 Nxe5 8. Nxe5 Nd7 9. g4 Bg6 10. h4 Nxe5
11. dxe5
1-0

[Event "BAGIJ    I"]
[Site "SchemingMind.com"]
[Date "2018.12.15"]
[Round "-"]
[White "kenneth m day"]
[Black "krzysztof"]
[Result "0-1"]
[WhiteCountry "USA"]
[BlackCountry "POL"]
[WhiteElo "1748"]
[WhiteRD "54"]
[BlackElo "1574"]
[BlackRD "62"]
[GameID "436066"]

1. e4 d6 2. d4 b6 3. Nc3 Ba6 4. Bd3 e6 5. Qe2 Bb7 6. Nf3 Nh6 7. h3 f6 8. Be3 Nd7 9. O-O-O Nf7 10. g4 e5
11. dxe5 Ndxe5 12. Bb5+ c6 13. Ba4 Qc7 14. Nd5 Qd8 15. Nc3 b5 16. Bb3 Qc7 17. Nh4 g6 18. Nf3 a5 19. a3 b4 20. axb4 axb4
21. Na4 c5 22. Nxe5 Nxe5 23. Rhg1 Ba6 24. c4 Bxc4 25. Qc2 Bxb3 26. Qxb3 c4 27. Qxb4 Be7 28. Qb5+ Kf7 29. Kc2 Rhb8 30. Qd5+ Kg7
31. Nc3 Nd3 32. Rb1 Nb4+ 33. Kd2 Nxd5 34. Nxd5 Qa5+ 35. Ke2 Rb7 36. Bd4 Qb5 37. Nc3 Qb3 38. Kf3 Qc2 39. Kg2 Qd3 40. Rgd1 Qc2
41. Rdc1 Qb3 42. Rd1 Bf8 43. Rdc1 Re8 44. Rd1 Qc2 45. Re1 Rxb2 46. Re2 Qd3 47. Bxf6+ Kxf6 48. Nd5+ Kg7 49. Rbxb2 Rxe4 50. Rb7+ Kh6
51. g5+ Kxg5 52. f4+ Kh6
0-1